| 000 | 00000nam##2200000za#4500 |
| 001 | 9.675884 |
| 003 | CaOODSP |
| 005 | 20210624225501 |
| 007 | cr ||||||||||| |
| 008 | 150407|1997||||xxc|||||o f|0| 0 fre|d |
| 040 | |aCaOODSP|bfre |
| 041 | |aeng |
| 041 | |afre |
| 043 | |an-cn--- |
| 086 | 1 |aCS93-356/1997-PDF |
| 245 | 00|aProfil agricole du Canada |h[ressource électronique] |
| 246 | 1 |iDeuxième titre de série imprimé sur la couverture : |aAgriculture 96 Recensement |
| 260 | |aOttawa - Ontario : |bStatistique Canada. |c1997. |
| 500 | |aPublication du recensement historique numérisé par Statistique Canada. |
| 590 | |a12-44-Supp|b2012-12-13 |
| 691 | 07|aAgriculture|2gcpds |
| 691 | 07|aDonnées du recensement|2gcpds |
| 691 | 07|aStatistiques de l'agriculture|2gcpds |
| 710 | 1 |aCanada. |bStatistique Canada. |bDivision de l'agriculture. |
| 791 | |tAgricultural profile of Canada |eeng|w(CaOODSP)9.675883 |
| 856 | 40|ahttp://publications.gc.ca|qPDF|s6.3 Mo|uhttps://publications.gc.ca/collections/collection_2012/statcan/rh-hc/CS93-356-1997.pdf |